00828nam a22002297a 450000500170000001000150001702000110003203500140004303700090005708200160006610000280008224500560011026000550016627000600022130000230028149000110030450000290031570000300034494200280037499900190040295201770042120250224115441.0 aENG-143778 c100.00 aEN-127310 bDBAD a270.8221st aal-Qardawi Yusuf978528 aStatus of Women in IslambYusuf al-QardawihEnglish aNew DelhibMadhur Sandesh Sangam Publicationc2017 aE-20 ,Abul Fazl Enclave, Jamia NagarbNew Delhie110025 a144 p.c21 cm.(hd) vvol 1  aStories of vedanta monks aSwami chetanananda976691 2ddccENh270.82mQARe1 c209658d209658 001040708NFICaLbLd2025-02-24eDelivery of Books Act Divisiong100.00l2o270.82 QARpEN-127310q2026-05-19r2026-05-05 14:09:44s2026-05-05t1v100.00w2025-02-24yEN